[Event "Héviz IM"]
[Site "Hévíz"]
[Date "2015.10.03"]
[Round "2"]
[White "Vegh, Endre"]
[Black "Sergeev, Vladimir"]
[Result "1/2-1/2"]
[WhiteElo "2259"]
[BlackElo "2447"]
[PlyCount "51"]
[EventDate "2015.10.02"]
[EventType "tourn"]
[EventRounds "9"]
[EventCountry "HUN"]
[EventCategory "2"]

1. d4 Nf6 2. Bg5 c5 3. d5 Qb6 4. Nc3 h6 5. Bd2 e5 6. e4 d6 7. Bb5+ Nbd7 8. a4
g6 9. Nf3 Bg7 10. O-O O-O 11. h3 Qd8 12. Be3 Rb8 13. Nd2 Nh5 14. Bxd7 Qxd7 15.
Nc4 a6 16. a5 Qe7 17. Rb1 Bd7 18. b4 cxb4 19. Rxb4 Rfc8 20. Ba7 Ra8 21. Be3 Nf4
22. Qf3 Rc7 23. Bb6 Rcc8 24. Be3 Rc7 25. Bb6 Rcc8 26. Be3 1/2-1/2

[Event "Héviz IM"]
[Site "Hévíz"]
[Date "2015.10.03"]
[Round "2"]
[White "Habibi, Ali"]
[Black "Takacs, Balazs"]
[Result "1-0"]
[WhiteElo "2246"]
[BlackElo "2392"]
[PlyCount "78"]
[EventDate "2015.10.02"]
[EventType "tourn"]
[EventRounds "9"]
[EventCountry "HUN"]
[EventCategory "2"]

1. Nf3 d5 2. c4 c6 3. Qc2 Nf6 4. d3 e6 5. g3 Be7 6. Bg2 O-O 7. O-O b6 8. b3 Bb7
9. Bb2 c5 10. Nbd2 Nc6 11. Rac1 d4 12. a3 Qd7 13. Qb1 a5 14. Rfd1 Rad8 15. Nf1
Nh5 16. e3 e5 17. exd4 exd4 18. Re1 Bd6 19. Rc2 Ne7 20. Qd1 Nf6 21. Rce2 Ng6
22. N1d2 Bc6 23. b4 cxb4 24. Bxd4 Bc5 25. Bxf6 gxf6 26. Nb3 Qb7 27. Rd2 Be7 28.
d4 bxa3 29. d5 Ba4 30. d6 Bxd6 31. Re3 Qc7 32. Red3 Be7 33. Nfd4 Qxc4 34. Bf1
Bb4 35. Nf5 Bxb3 36. Qh5 Bxd2 37. Rxd2 Qc5 38. Rd3 Rxd3 39. Bxd3 a2 1-0

[Event "Héviz IM"]
[Site "Hévíz"]
[Date "2015.10.03"]
[Round "2"]
[White "Radnai, Adam"]
[Black "Hardicsay, Peter"]
[Result "1-0"]
[WhiteElo "2327"]
[BlackElo "2254"]
[PlyCount "47"]
[EventDate "2015.10.02"]
[EventType "tourn"]
[EventRounds "9"]
[EventCountry "HUN"]
[EventCategory "2"]

1. e4 e5 2. Nf3 Nc6 3. Bb5 a6 4. Bxc6 dxc6 5. O-O f6 6. d4 exd4 7. e5 fxe5 8.
Re1 Nf6 9. Rxe5+ Be7 10. Qe1 Bg4 11. Nbd2 Nd7 12. Re4 Bf5 13. Nxd4 Bxe4 14. Ne6
Qc8 15. Nxe4 Nf6 16. N4g5 h6 17. Nxg7+ Kf8 18. N7e6+ Ke8 19. Nf3 Kf7 20. Ne5+
Kxe6 21. Nxc6+ Kf7 22. Qxe7+ Kg6 23. Ne5+ Kf5 24. h3 1-0

[Event "Héviz IM"]
[Site "Hévíz"]
[Date "2015.10.03"]
[Round "2"]
[White "Ianov, Viktor"]
[Black "Haug, Johannes"]
[Result "1-0"]
[WhiteElo "2312"]
[BlackElo "2252"]
[PlyCount "99"]
[EventDate "2015.10.02"]
[EventType "tourn"]
[EventRounds "9"]
[EventCountry "HUN"]
[EventCategory "2"]

1. Nf3 f5 2. c4 Nf6 3. g3 g6 4. Bg2 Bg7 5. O-O O-O 6. Nc3 d6 7. d3 e5 8. c5 Nc6
9. cxd6 cxd6 10. b4 a6 11. Rb1 h6 12. a4 Be6 13. b5 Ne7 14. Nd2 d5 15. e3 a5
16. Ba3 b6 17. Qb3 Kf7 18. Nf3 Nfg8 19. Qb2 Rc8 20. Rbc1 Re8 21. Ne2 Rxc1 22.
Rxc1 Qb8 23. d4 e4 24. Ne5+ Bxe5 25. dxe5 Rc8 26. Bd6 Rxc1+ 27. Qxc1 Qc8 28.
Bc7 Qb7 29. Nd4 Qc8 30. Qc2 Qb7 31. f4 Qa7 32. Bf1 Qb7 33. Be2 h5 34. h3 Bd7
35. Kf2 Nh6 36. Bd1 Nhg8 37. Ke1 Nh6 38. Qc3 Be6 39. Bb3 Nhg8 40. Kd2 Nh6 41.
Bd1 Nhg8 42. g4 hxg4 43. hxg4 Nh6 44. g5 Nhg8 45. Bb3 Bd7 46. Qc1 Be6 47. Bd6
Qc8 48. Qh1 Kg7 49. Bc7 Bd7 50. Bxb6 1-0

[Event "Héviz IM"]
[Site "Hévíz"]
[Date "2015.10.03"]
[Round "2"]
[White "Gorcsi, Gabor"]
[Black "Papp, Petra"]
[Result "1/2-1/2"]
[WhiteElo "2220"]
[BlackElo "2286"]
[PlyCount "96"]
[EventDate "2015.10.02"]
[EventType "tourn"]
[EventRounds "9"]
[EventCountry "HUN"]
[EventCategory "2"]

1. Nf3 c5 2. g3 Nc6 3. Bg2 g6 4. O-O Bg7 5. c4 e6 6. Nc3 Nge7 7. d3 O-O 8. a3
d6 9. Qc2 b6 10. Rb1 Bb7 11. b4 Qd7 12. e4 Rac8 13. Qb3 Ba8 14. Be3 Rfd8 15.
Rfd1 cxb4 16. axb4 d5 17. exd5 exd5 18. Nb5 h6 19. h4 Nf5 20. Bf4 a6 21. Nc3
Ncd4 22. Nxd4 Nxd4 23. Qa2 dxc4 24. dxc4 Qg4 25. Bxa8 Rxa8 26. Rxd4 Bxd4 27.
Nd5 b5 28. Qd2 Bg7 29. Bxh6 Qxc4 30. Bxg7 Rxd5 31. Qb2 Kh7 32. Rc1 Qe4 33. Bf6
Rc8 34. Rf1 Qf3 35. Qa2 Rc4 36. Qa1 Rf5 37. Bd4 Rc8 38. Qxa6 Rd8 39. Be3 Rd1
40. Rxd1 Qxd1+ 41. Kh2 Qf3 42. Bd4 Qe4 43. Qa7 Qd5 44. Qb6 g5 45. Qc5 Qe4 46.
Qc8 f6 47. Qd7+ Kg8 48. Qd8+ Kf7 1/2-1/2

[Event "Héviz IM"]
[Site "Hévíz"]
[Date "2015.10.04"]
[Round "3"]
[White "Papp, Petra"]
[Black "Vegh, Endre"]
[Result "1/2-1/2"]
[WhiteElo "2286"]
[BlackElo "2259"]
[PlyCount "84"]
[EventDate "2015.10.02"]
[EventType "tourn"]
[EventRounds "9"]
[EventCountry "HUN"]
[EventCategory "2"]

1. e4 g6 2. d4 Bg7 3. Nc3 a6 4. f4 d5 5. e5 h5 6. Nf3 Bg4 7. h3 Bxf3 8. Qxf3 e6
9. Be3 Nh6 10. Bf2 h4 11. Bd3 Nd7 12. O-O Qe7 13. Ne2 c5 14. c3 Rc8 15. Kh2 Qd8
16. Rfc1 c4 17. Bc2 Bf8 18. Ng1 Be7 19. Rf1 Kf8 20. Qe2 Kg7 21. Nf3 Nf5 22.
Rfc1 Kf8 23. Qe1 Nb8 24. b3 b5 25. a4 cxb3 26. Bxb3 bxa4 27. Bxa4 Kg7 28. Bc2
Rc6 29. Bd3 Kf8 30. Qe2 Qc8 31. Qe1 Qd8 32. Ra2 Kg7 33. Rb1 Kf8 34. Rb3 Kg7 35.
Qe2 Qc8 36. Qe1 Qd8 37. Ra4 Kf8 38. Ra1 Kg7 39. Ra2 Kf8 40. Qb1 Kg7 41. Qe1 Kf8
42. Rb1 Kg7 1/2-1/2

[Event "Héviz IM"]
[Site "Hévíz"]
[Date "2015.10.04"]
[Round "3"]
[White "Hardicsay, Peter"]
[Black "Ianov, Viktor"]
[Result "1/2-1/2"]
[WhiteElo "2254"]
[BlackElo "2312"]
[PlyCount "41"]
[EventDate "2015.10.02"]
[EventType "tourn"]
[EventRounds "9"]
[EventCountry "HUN"]
[EventCategory "2"]

1. d4 d6 2. Nf3 g6 3. c4 Bg7 4. Nc3 Nf6 5. e4 O-O 6. Be2 Bg4 7. Be3 Nfd7 8. Ng1
Bxe2 9. Ngxe2 c5 10. O-O Nc6 11. d5 Na5 12. b3 a6 13. Rb1 Rb8 14. a4 Re8 15. f3
Qc7 16. Qc2 e6 17. Rfd1 Nf6 18. Bf2 b6 19. Qd2 e5 20. Be3 Rf8 21. Kh1 1/2-1/2

[Event "Héviz IM"]
[Site "Hévíz"]
[Date "2015.10.04"]
[Round "3"]
[White "Takacs, Balazs"]
[Black "Radnai, Adam"]
[Result "1-0"]
[WhiteElo "2392"]
[BlackElo "2327"]
[PlyCount "117"]
[EventDate "2015.10.02"]
[EventType "tourn"]
[EventRounds "9"]
[EventCountry "HUN"]
[EventCategory "2"]

1. e4 c5 2. Nf3 Nc6 3. d4 cxd4 4. Nxd4 Nf6 5. Nc3 e5 6. Ndb5 d6 7. Bg5 a6 8.
Na3 b5 9. Nd5 Be7 10. Bxf6 Bxf6 11. c4 b4 12. Nc2 O-O 13. b3 a5 14. g3 Be6 15.
Bg2 Bxd5 16. cxd5 Na7 17. Bf1 Bg5 18. Bc4 Qb6 19. Qg4 Bh6 20. O-O Nb5 21. a3
bxa3 22. Qe2 Rfb8 23. Bxb5 Qxb5 24. Qxb5 Rxb5 25. Rfb1 Kf8 26. Nxa3 Rb4 27. Nc2
Rb7 28. Ra4 Bd2 29. Na3 Rb4 30. Rxb4 Bxb4 31. Nc4 Ke7 32. Kf1 g6 33. f4 f6 34.
Ke2 Rc8 35. Kd3 Ra8 36. Ra1 Ra7 37. Rc1 Rb7 38. Ra1 Ra7 39. Ra2 Ra8 40. Rc2 Rb8
41. Ra2 Ra8 42. fxe5 fxe5 43. Ra1 Ra7 44. g4 Ke8 45. Rf1 Rf7 46. Rxf7 Kxf7 47.
Nd2 Kf6 48. Nf3 h6 49. Kc4 Kf7 50. Kb5 Kf6 51. Kc6 Ke7 52. Kc7 Kf6 53. Kd7 Kf7
54. h3 Kf6 55. Ke8 Bc3 56. Kf8 Bd4 57. h4 g5 58. h5 Bc5 59. Nd2 1-0

[Event "Héviz IM"]
[Site "Hévíz"]
[Date "2015.10.04"]
[Round "3"]
[White "Sergeev, Vladimir"]
[Black "Habibi, Ali"]
[Result "1-0"]
[WhiteElo "2447"]
[BlackElo "2246"]
[PlyCount "71"]
[EventDate "2015.10.02"]
[EventType "tourn"]
[EventRounds "9"]
[EventCountry "HUN"]
[EventCategory "2"]

1. d4 c5 2. d5 Nf6 3. Nc3 d6 4. e4 g6 5. Bb5+ Bd7 6. a4 Bg7 7. Nf3 O-O 8. Bxd7
Nbxd7 9. O-O b6 10. Re1 Qc7 11. h3 a6 12. Bf4 Qb7 13. Qd2 b5 14. Bh6 Nb6 15.
Bxg7 Kxg7 16. b3 b4 17. Nd1 a5 18. c4 bxc3 19. Nxc3 Rfd8 20. Rab1 Qa6 21. Qc2
Rac8 22. Nb5 h6 23. Nd2 Kh7 24. Rb2 Rd7 25. Nc4 Kg7 26. Qc3 Ra8 27. Rd2 Kh7 28.
Re3 Kg8 29. Rd1 Rb7 30. Ncxd6 exd6 31. Qxf6 Rd7 32. e5 dxe5 33. Rxe5 Rf8 34.
Rde1 Rdd8 35. Re7 Rb8 36. Nc7 1-0

[Event "Héviz IM"]
[Site "Hévíz"]
[Date "2015.10.05"]
[Round "4"]
[White "Radnai, Adam"]
[Black "Sergeev, Vladimir"]
[Result "0-1"]
[WhiteElo "2327"]
[BlackElo "2447"]
[PlyCount "94"]
[EventDate "2015.10.02"]
[EventType "tourn"]
[EventRounds "9"]
[EventCountry "HUN"]
[EventCategory "2"]

1. e4 Nf6 2. e5 Nd5 3. c4 Nb6 4. d4 d6 5. f4 g6 6. Nc3 Bg7 7. Be3 Be6 8. Nf3
O-O 9. Qb3 Na6 10. Be2 c5 11. Rd1 Qc8 12. Nd5 Bxd5 13. cxd5 c4 14. Qa3 Nxd5 15.
Kf2 b5 16. Ng5 Nab4 17. Bd2 Nc2 18. Qf3 e6 19. Qe4 dxe5 20. fxe5 f6 21. Qxc2
fxg5+ 22. Kg1 Qd8 23. g3 Rc8 24. Kg2 c3 25. bxc3 Nxc3 26. Bxc3 b4 27. Qb3 bxc3
28. Rd3 Qd7 29. Rxc3 Rxc3 30. Qxc3 Qd5+ 31. Bf3 Qxa2+ 32. Kh3 Kh8 33. Qd3 a5
34. Qe2 Qb3 35. Be4 Qc3 36. Qd3 Qxd3 37. Bxd3 Rd8 38. Ra1 g4+ 39. Kg2 Bxe5 40.
Rxa5 Bxd4 41. Ra6 e5 42. Be2 h5 43. Rxg6 Rf8 44. Ba6 Rf2+ 45. Kh1 Kh7 46. Re6
Kg7 47. h3 h4 0-1

[Event "Héviz IM"]
[Site "Hévíz"]
[Date "2015.10.05"]
[Round "4"]
[White "Ianov, Viktor"]
[Black "Takacs, Balazs"]
[Result "1-0"]
[WhiteElo "2312"]
[BlackElo "2392"]
[PlyCount "95"]
[EventDate "2015.10.02"]
[EventType "tourn"]
[EventRounds "9"]
[EventCountry "HUN"]
[EventCategory "2"]

1. c4 Nf6 2. d4 e6 3. Nf3 b6 4. g3 Bb7 5. Bg2 Be7 6. O-O c6 7. Nc3 d5 8. Ne5
Nfd7 9. Nxd7 Nxd7 10. Qd3 O-O 11. Rd1 Nf6 12. Bf4 Qd7 13. e4 dxe4 14. Nxe4 Rfd8
15. Qc2 h6 16. c5 b5 17. a3 a5 18. b3 Nd5 19. Bd6 b4 20. axb4 axb4 21. Bxe7
Qxe7 22. Nd6 Nc3 23. Re1 Qc7 24. Qd3 Rdb8 25. Qc4 Na2 26. Bh3 Bc8 27. Bg4 g6
28. h4 h5 29. Bf3 Bd7 30. Kg2 Rf8 31. Re5 Kg7 32. Rae1 f6 33. R5e3 Rab8 34. Ne4
Rb7 35. Nd6 Rbb8 36. Rxe6 Bxe6 37. Qxe6 Nc3 38. Qe7+ Qxe7 39. Rxe7+ Kg8 40.
Bxc6 Rfd8 41. Kf3 Rf8 42. Ke3 Kh8 43. Kd3 f5 44. f4 Rf6 45. Kc4 Kg8 46. Bb7 Rd8
47. Kxb4 Kf8 48. Re5 1-0

[Event "Héviz IM"]
[Site "Hévíz"]
[Date "2015.10.05"]
[Round "4"]
[White "Gorcsi, Gabor"]
[Black "Hardicsay, Peter"]
[Result "1-0"]
[WhiteElo "2220"]
[BlackElo "2254"]
[PlyCount "97"]
[EventDate "2015.10.02"]
[EventType "tourn"]
[EventRounds "9"]
[EventCountry "HUN"]
[EventCategory "2"]

1. Nf3 d5 2. c4 e6 3. e3 c6 4. b3 Nd7 5. Bb2 Ngf6 6. Be2 Bd6 7. O-O O-O 8. Nc3
Re8 9. d4 Qe7 10. Qc2 dxc4 11. Bxc4 h6 12. Ne2 c5 13. e4 cxd4 14. Nexd4 a6 15.
Rfd1 Ba3 16. e5 Nh7 17. Bxa3 Qxa3 18. Qe4 Nhf8 19. Rac1 Nb6 20. Nd2 Rb8 21. Rc3
Bd7 22. Rg3 Nxc4 23. Nxc4 Qe7 24. h4 Red8 25. Qg4 g6 26. Nd6 f5 27. Qf4 Kh7 28.
Rc1 Be8 29. Rgc3 Rd7 30. g3 g5 31. hxg5 hxg5 32. Qe3 Bg6 33. Kg2 Kg7 34. Nf3
Nh7 35. Qb6 g4 36. Nd4 Ng5 37. Rc7 Rbd8 38. Nxb7 Rxc7 39. Rxc7 Rd7 40. Nc6 Qf7
41. Nd6 Rxc7 42. Nxf7 Rxf7 43. Nd8 Re7 44. Qd6 Re8 45. Qd7+ Kh6 46. Nb7 Rf8 47.
Qd6 Rc8 48. Nc5 Bf7 49. b4 1-0

[Event "Héviz IM"]
[Site "Hévíz"]
[Date "2015.10.05"]
[Round "4"]
[White "Papp, Petra"]
[Black "Haug, Johannes"]
[Result "1-0"]
[WhiteElo "2286"]
[BlackElo "2252"]
[PlyCount "52"]
[EventDate "2015.10.02"]
[EventType "tourn"]
[EventRounds "9"]
[EventCountry "HUN"]
[EventCategory "2"]

1. e4 e6 2. d4 d5 3. Nc3 Bb4 4. e5 c5 5. a3 Ba5 6. b4 cxd4 7. Qg4 Kf8 8. bxa5
dxc3 9. Nf3 Nc6 10. a4 Nge7 11. Bd3 Ng6 12. Qg3 Qxa5 13. Ba3+ Kg8 14. h4 Nge7
15. h5 h6 16. O-O Nb4 17. Nd4 Nec6 18. Nb5 Bd7 19. Nd6 Nxd3 20. cxd3 d4 21.
Rfe1 b6 22. Re4 Rh7 23. Rae1 Qxa4 24. Bc1 Rf8 25. Rg4 Kh8 26. Rf4 Nd8 1-0

[Event "Héviz IM"]
[Site "Hévíz"]
[Date "2015.10.06"]
[Round "5"]
[White "Habibi, Ali"]
[Black "Radnai, Adam"]
[Result "1/2-1/2"]
[WhiteElo "2246"]
[BlackElo "2327"]
[PlyCount "125"]
[EventDate "2015.10.02"]
[EventType "tourn"]
[EventRounds "9"]
[EventCountry "HUN"]
[EventCategory "2"]

1. Nf3 c5 2. g3 d5 3. Bg2 Nc6 4. O-O Nf6 5. c4 e5 6. cxd5 Nxd5 7. Nc3 Nc7 8. a3
Rb8 9. d3 Be7 10. Be3 O-O 11. Nd2 Be6 12. Nc4 Nd5 13. Bd2 b5 14. Ne3 Nxc3 15.
bxc3 Na5 16. c4 bxc4 17. Bxa5 Qxa5 18. dxc4 Bg5 19. Nd5 Rb2 20. e3 Rfb8 21. h3
g6 22. h4 Bd8 23. h5 Qa6 24. Qc1 Qa5 25. Qd1 Qa6 26. hxg6 hxg6 27. Qc1 Qa4 28.
Nb4 Rb3 29. Nc6 Rc8 30. Qd1 Bxc4 31. Nxd8 Bxf1 32. Bxf1 c4 33. Nxf7 Kxf7 34.
Qd5+ Kf6 35. Qd6+ Kf7 36. Bg2 Qe8 37. Qa6 Kg7 38. Bd5 Rc7 39. Bxc4 Rb6 40. Qa5
Rbc6 41. Bf1 Rc5 42. Qa6 Qf7 43. Qd6 Rd5 44. Qa6 Rc2 45. Be2 Qc7 46. Bf3 Rd6
47. Qb5 Rf6 48. Rd1 Rc1 49. Rxc1 Qxc1+ 50. Kg2 Qxa3 51. Qxe5 Qd6 52. Qa1 Qb6
53. g4 Qc5 54. Qa2 a5 55. Bd5 g5 56. Be6 a4 57. Bf5 a3 58. e4 Qa5 59. e5 Rb6
60. e6 Qc5 61. Qd2 Kh6 62. Qd8 Qc6+ 63. Kg1 1/2-1/2

[Event "Héviz IM"]
[Site "Hévíz"]
[Date "2015.10.06"]
[Round "5"]
[White "Sergeev, Vladimir"]
[Black "Ianov, Viktor"]
[Result "1/2-1/2"]
[WhiteElo "2447"]
[BlackElo "2312"]
[PlyCount "103"]
[EventDate "2015.10.02"]
[EventType "tourn"]
[EventRounds "9"]
[EventCountry "HUN"]
[EventCategory "2"]

1. d4 d6 2. e4 Nf6 3. f3 c5 4. c3 Nbd7 5. Be3 g6 6. Bd3 Bg7 7. Ne2 O-O 8. O-O
Qc7 9. Nd2 b6 10. a4 a6 11. b4 cxb4 12. cxb4 Bb7 13. Rc1 Qb8 14. d5 Ne5 15. Nc4
Nxc4 16. Bxc4 b5 17. axb5 axb5 18. Bd3 Ra2 19. Rc2 Rxc2 20. Qxc2 Rc8 21. Qb3
Rf8 22. Qc2 Rc8 23. Qb3 Ba6 24. Nd4 Qb7 25. Ra1 Nd7 26. Qa3 Nb8 27. Ra2 f5 28.
h3 f4 29. Bf2 Be5 30. Rc2 Rxc2 31. Bxc2 Qc8 32. Bd3 Bxd4 33. Bxd4 Nd7 34. Qa1
Kf7 35. Kh2 Qb7 36. Qc1 g5 37. Qc3 Ke8 38. Bg7 Qb6 39. Bd4 Qb7 40. Kh1 Kd8 41.
Be2 Qc7 42. Qa1 Qb7 43. Kh2 Nf8 44. Bg1 Ng6 45. Qg7 Qc7 46. Qxh7 Ne5 47. Qg8+
Kd7 48. Qe6+ Ke8 49. Qg8+ Kd7 50. Bd4 Qc2 51. Bb6 Qc8 52. Qe6+ 1/2-1/2

[Event "Héviz IM"]
[Site "Hévíz"]
[Date "2015.10.06"]
[Round "5"]
[White "Takacs, Balazs"]
[Black "Gorcsi, Gabor"]
[Result "1/2-1/2"]
[WhiteElo "2392"]
[BlackElo "2220"]
[PlyCount "83"]
[EventDate "2015.10.02"]
[EventType "tourn"]
[EventRounds "9"]
[EventCountry "HUN"]
[EventCategory "2"]

1. e4 c5 2. Nf3 d6 3. d4 cxd4 4. Nxd4 Nf6 5. Nc3 g6 6. Be3 Bg7 7. f3 O-O 8. Qd2
Nc6 9. g4 Nxd4 10. Bxd4 Be6 11. h4 Qa5 12. h5 Rfc8 13. Rh2 Bc4 14. h6 Bh8 15.
g5 Nd7 16. Bxc4 Rxc4 17. Bxh8 Kxh8 18. Nd5 Qxd2+ 19. Rxd2 Re8 20. Rc1 Ra8 21.
Ra1 Re8 22. Rad1 Kg8 23. b3 Rc5 24. c4 Kf8 25. Kf2 Rec8 26. f4 b5 27. cxb5 Rxb5
28. e5 e6 29. Nf6 Nxf6 30. gxf6 d5 31. f5 Rb4 32. fxe6 fxe6 33. Rd4 Rc2+ 34.
Kf3 Rb5 35. R1d2 Rc1 36. Rd1 Rc2 37. R4d2 Rc3+ 38. Rd3 Rc2 39. R1d2 Rc1 40. Rd1
Rc2 41. R1d2 Rc1 42. Rd1 1/2-1/2

[Event "Héviz IM"]
[Site "Hévíz"]
[Date "2015.10.06"]
[Round "5"]
[White "Hardicsay, Peter"]
[Black "Papp, Petra"]
[Result "0-1"]
[WhiteElo "2254"]
[BlackElo "2286"]
[PlyCount "112"]
[EventDate "2015.10.02"]
[EventType "tourn"]
[EventRounds "9"]
[EventCountry "HUN"]
[EventCategory "2"]

1. d4 Nf6 2. c4 g6 3. g3 Bg7 4. Bg2 d5 5. Nf3 dxc4 6. O-O O-O 7. Na3 c3 8. bxc3
c5 9. Bb2 Nc6 10. e3 cxd4 11. cxd4 Qb6 12. Qe2 Bf5 13. Ne5 Nxe5 14. dxe5 Ng4
15. Bd4 Qa5 16. Bb2 Qb6 17. Bd4 Qa5 18. Nc4 Qa6 19. f4 Be6 20. Rfc1 Rac8 21.
Bf1 f6 22. exf6 Bxf6 23. Bxf6 exf6 24. h3 Nh6 25. e4 Nf7 26. Ne3 Qxe2 27. Bxe2
Nd6 28. Bf3 Kg7 29. Rd1 Nc4 30. Nd5 Rfd8 31. Kf2 Nd6 32. g4 Rc2+ 33. Kg3 Nf7
34. a4 b6 35. Ra3 Rdc8 36. Rad3 R2c4 37. Ne3 Rxa4 38. f5 Bc4 39. Rd7 Kg8 40.
Re7 Ne5 41. fxg6 hxg6 42. g5 Ra3 43. gxf6 Rxe3 44. Rxe5 Be2 45. Rd7 Rxf3+ 46.
Kh4 Rxf6 47. Ree7 Bc4 48. Rxa7 Rf7 49. Kg5 Rxe7 50. Rxe7 Rc6 51. Rb7 b5 52. e5
Kf8 53. h4 Ke8 54. Kh6 Re6 55. Kg5 Kd8 56. Kf4 Kc8 0-1

[Event "Héviz IM"]
[Site "Hévíz"]
[Date "2015.10.07"]
[Round "6"]
[White "Vegh, Endre"]
[Black "Radnai, Adam"]
[Result "1/2-1/2"]
[WhiteElo "2259"]
[BlackElo "2327"]
[PlyCount "20"]
[EventDate "2015.10.02"]
[EventType "tourn"]
[EventRounds "9"]
[EventCountry "HUN"]
[EventCategory "2"]

1. d4 Nf6 2. Bg5 Ne4 3. Bf4 c5 4. f3 Qa5+ 5. c3 Nf6 6. Nd2 cxd4 7. Nb3 Qb6 8.
Qxd4 Nc6 9. Qxb6 axb6 10. Nd4 e5 1/2-1/2

[Event "Héviz IM"]
[Site "Hévíz"]
[Date "2015.10.07"]
[Round "6"]
[White "Ianov, Viktor"]
[Black "Habibi, Ali"]
[Result "0-1"]
[WhiteElo "2312"]
[BlackElo "2246"]
[PlyCount "82"]
[EventDate "2015.10.02"]
[EventType "tourn"]
[EventRounds "9"]
[EventCountry "HUN"]
[EventCategory "2"]

1. d4 c5 2. d5 Nf6 3. c4 b5 4. cxb5 a6 5. e3 d6 6. Nc3 g6 7. e4 Bg7 8. Bd2 O-O
9. a4 Nbd7 10. Nf3 Bb7 11. bxa6 Bxa6 12. Bxa6 Rxa6 13. O-O Qb6 14. Qc2 Rfa8 15.
h3 Qb7 16. Rfe1 Nb6 17. b3 Ne8 18. Ra2 Nc7 19. Bf4 Nc8 20. Rd1 Rb6 21. Nd2 Na6
22. Rc1 Nb4 23. Qb1 Qa6 24. Nc4 Nxa2 25. Qxa2 Rb7 26. Qc2 Rab8 27. Nb5 Na7 28.
Nxa7 Rxa7 29. Rb1 Rab7 30. g4 h6 31. Kg2 Rb4 32. Bd2 Rxc4 33. bxc4 Rxb1 34.
Qxb1 Qxa4 35. Qc1 Qb3 36. Be3 Qd3 37. Kf3 Bd4 38. h4 Bf6 39. h5 g5 40. Qd2 Qxc4
41. Qa5 Qf1 0-1

[Event "Héviz IM"]
[Site "Hévíz"]
[Date "2015.10.07"]
[Round "6"]
[White "Gorcsi, Gabor"]
[Black "Sergeev, Vladimir"]
[Result "1/2-1/2"]
[WhiteElo "2220"]
[BlackElo "2447"]
[PlyCount "60"]
[EventDate "2015.10.02"]
[EventType "tourn"]
[EventRounds "9"]
[EventCountry "HUN"]
[EventCategory "2"]

1. Nf3 Nf6 2. c4 b6 3. e3 Bb7 4. Be2 e6 5. O-O c5 6. b3 Be7 7. Bb2 O-O 8. Nc3
a6 9. Qc2 d6 10. d4 Nbd7 11. Rac1 Rc8 12. Rfd1 Qc7 13. d5 exd5 14. Nxd5 Nxd5
15. cxd5 Bf6 16. e4 Bxb2 17. Qxb2 Rfe8 18. Bd3 Nf6 19. Re1 b5 20. Nh4 Qd8 21.
Nf5 g6 22. Nh6+ Kg7 23. Ng4 Rb8 24. Qc3 Bc8 25. Ne3 Kg8 26. Nf1 Ng4 27. h3 Ne5
28. f4 Nxd3 29. Qxd3 Qf6 30. Qe3 Bb7 1/2-1/2

[Event "Héviz IM"]
[Site "Hévíz"]
[Date "2015.10.07"]
[Round "6"]
[White "Papp, Petra"]
[Black "Takacs, Balazs"]
[Result "1-0"]
[WhiteElo "2286"]
[BlackElo "2392"]
[PlyCount "53"]
[EventDate "2015.10.02"]
[EventType "tourn"]
[EventRounds "9"]
[EventCountry "HUN"]
[EventCategory "2"]

1. e4 c5 2. Nf3 d6 3. d4 cxd4 4. Nxd4 Nf6 5. Nc3 a6 6. Bg5 e6 7. f4 h6 8. Bh4
Qb6 9. Qd2 Qxb2 10. Rb1 Qa3 11. e5 dxe5 12. fxe5 Nd5 13. Nxd5 exd5 14. e6 fxe6
15. Bd3 Be7 16. Bg6+ Kd8 17. Bxe7+ Qxe7 18. O-O Nc6 19. Kh1 Ne5 20. Bh5 Nc4 21.
Qe1 e5 22. Rf7 Qg5 23. Be2 Ne3 24. Bf3 exd4 25. Qa5+ Ke8 26. Qc7 Qd8 27. Rf8+
1-0

[Event "Héviz IM"]
[Site "Hévíz"]
[Date "2015.10.07"]
[Round "6"]
[White "Haug, Johannes"]
[Black "Hardicsay, Peter"]
[Result "0-1"]
[WhiteElo "2252"]
[BlackElo "2254"]
[PlyCount "82"]
[EventDate "2015.10.02"]
[EventType "tourn"]
[EventRounds "9"]
[EventCountry "HUN"]
[EventCategory "2"]

1. e4 c5 2. Nf3 e6 3. d4 cxd4 4. Nxd4 Nf6 5. Qd3 Nc6 6. Nxc6 bxc6 7. c4 e5 8.
Nc3 Bc5 9. Be3 Qe7 10. Be2 O-O 11. O-O Bxe3 12. Qxe3 d6 13. Rfd1 Be6 14. b4
Rfd8 15. Rab1 h6 16. a4 Qc7 17. c5 d5 18. exd5 Nxd5 19. Nxd5 cxd5 20. f3 d4 21.
Qa3 Bf5 22. Bd3 Bxd3 23. Rxd3 a6 24. Rdd1 Qc6 25. Re1 f6 26. Qb3+ Kh8 27. Rec1
d3 28. b5 Qc7 29. Qc3 axb5 30. axb5 Ra2 31. b6 Qc6 32. Qb3 Re2 33. Qc3 e4 34.
b7 Rb8 35. Rb6 Qc7 36. fxe4 d2 37. Rf1 Rxb7 38. Rxb7 Qxb7 39. Qd3 Qxe4 40. Qxe4
Rxe4 41. Kf2 Rf4+ 0-1

[Event "Héviz IM"]
[Site "Hévíz"]
[Date "2015.10.08"]
[Round "7"]
[White "Hardicsay, Peter"]
[Black "Vegh, Endre"]
[Result "1/2-1/2"]
[WhiteElo "2254"]
[BlackElo "2259"]
[PlyCount "33"]
[EventDate "2015.10.02"]
[EventType "tourn"]
[EventRounds "9"]
[EventCountry "HUN"]
[EventCategory "2"]

1. e4 c6 2. c4 d5 3. exd5 cxd5 4. d4 Nf6 5. Nc3 Nc6 6. Nf3 Bg4 7. cxd5 Nxd5 8.
Qb3 Bxf3 9. gxf3 e6 10. Qxb7 Nxd4 11. Bb5+ Nxb5 12. Qc6+ Ke7 13. Qxb5 Qd7 14.
Nxd5+ Qxd5 15. Bg5+ f6 16. Qxd5 exd5 17. Be3 1/2-1/2

[Event "Héviz IM"]
[Site "Hévíz"]
[Date "2015.10.08"]
[Round "7"]
[White "Takacs, Balazs"]
[Black "Haug, Johannes"]
[Result "1-0"]
[WhiteElo "2392"]
[BlackElo "2252"]
[PlyCount "113"]
[EventDate "2015.10.02"]
[EventType "tourn"]
[EventRounds "9"]
[EventCountry "HUN"]
[EventCategory "2"]

1. e4 e6 2. d4 d5 3. Nd2 c5 4. exd5 Qxd5 5. Ngf3 cxd4 6. Bc4 Qd6 7. O-O Nf6 8.
Nb3 Nc6 9. Nbxd4 Nxd4 10. Nxd4 Be7 11. Nf3 O-O 12. Qe2 Qc7 13. Bd3 b6 14. c4
Bb7 15. b3 Nd7 16. Be4 Bxe4 17. Qxe4 Bf6 18. Ng5 g6 19. Qh4 h5 20. Bf4 Qc6 21.
Rad1 Nc5 22. Rd6 Qb7 23. f3 Rad8 24. Rxd8 Rxd8 25. Qg3 Qd7 26. h4 Qd4+ 27. Kh1
Bg7 28. Nh3 e5 29. Bg5 Rd7 30. Qf2 Qc3 31. Qe2 f5 32. Be3 Ne6 33. Rc1 Qd3 34.
Qe1 f4 35. Bg1 Qd2 36. Qxd2 Rxd2 37. b4 Rxa2 38. c5 Bf8 39. Ng5 Nxg5 40. hxg5
bxc5 41. bxc5 Rb2 42. c6 Rb8 43. Bxa7 Rc8 44. c7 Bd6 45. Rd1 Be7 46. Bb6 Bxg5
47. Rd8+ Bxd8 48. cxd8=Q+ Rxd8 49. Bxd8 Kf7 50. Kh2 Ke6 51. Kh3 Kf5 52. Kh4 e4
53. Bc7 e3 54. Bd6 e2 55. Bb4 Kf6 56. Bd2 Kf5 57. Bc3 1-0

[Event "Héviz IM"]
[Site "Hévíz"]
[Date "2015.10.08"]
[Round "7"]
[White "Sergeev, Vladimir"]
[Black "Papp, Petra"]
[Result "1-0"]
[WhiteElo "2447"]
[BlackElo "2286"]
[PlyCount "135"]
[EventDate "2015.10.02"]
[EventType "tourn"]
[EventRounds "9"]
[EventCountry "HUN"]
[EventCategory "2"]

1. c4 c5 2. g3 g6 3. Nf3 Bg7 4. d4 cxd4 5. Nxd4 Nc6 6. Nc2 d6 7. Bg2 Nf6 8. Nc3
O-O 9. O-O Be6 10. b3 Qd7 11. Re1 Bh3 12. Rb1 Rad8 13. Bh1 Ng4 14. Nd5 Nf6 15.
Nf4 Bf5 16. e4 Bg4 17. f3 Be6 18. Bg2 Qe8 19. Bb2 Bc8 20. Nd5 e5 21. Qd2 Nh5
22. Rbd1 f5 23. exf5 Bxf5 24. b4 Ne7 25. Nce3 Bc8 26. Nxe7+ Qxe7 27. Nd5 Qf7
28. f4 Bg4 29. Rc1 Rde8 30. fxe5 dxe5 31. Rf1 Qd7 32. Rxf8+ Rxf8 33. Re1 Re8
34. Qg5 Bf5 35. Qe3 b6 36. Rd1 Qa4 37. Qe2 Qxa2 38. Ra1 Qb3 39. Bc3 Nf6 40.
Rxa7 Qb1+ 41. Qe1 Qxe1+ 42. Bxe1 Nxd5 43. Bxd5+ Be6 44. Bxe6+ Rxe6 45. Rc7 e4
46. Kf2 e3+ 47. Ke2 h5 48. h3 Be5 49. Rd7 Bf6 50. Rd3 Bg5 51. Rd5 Be7 52. Rd3
Bg5 53. b5 Kf7 54. Bc3 Re8 55. Rd7+ Ke6 56. Rb7 Bd8 57. Bd4 Kf5 58. Rb8 Ke4 59.
Bxb6 Rf8 60. Rxd8 Rf2+ 61. Ke1 Rh2 62. Re8+ Kd3 63. Bxe3 Kxc4 64. b6 Rb2 65. h4
Kd3 66. Re7 Re2+ 67. Kf1 Rb2 68. b7 1-0